Романы. Повесть. Радиопьесы. Рассказы. Эссе. Речи. Интервью. 1959-1964; Собрание сочинений в 5-ти томах; Бильярд в половине десятого; Глазами клоуна; Самовольная отлучка; Стук, стук, стук...; Домофон; Концерт для четырех голосов; Город привычных лиц; Когда началась война; Когда кончилась война; Шмек не стоит слез; О падении трудовой морали; О самом себе; В защиту домашних прачечных; Язык как оплот свободы; Нужны бабушки и дедушки; Роза и динамит; Что значит "кельнское?"; У нас в стране; Приказ и ответственность; За рабочим столом. Беседа с Хорстом Бинеком; Интервью с Алоизом Руммелем; Послесловие к книге Карла Амери "Капитуляция"

Dettagli Bibliografici
Parent link:Собрание сочинений в 5-ти томах: Пер. с нем./ Г. Белль. Т. 3.— , 1996
Lingua:russo
Pubblicazione: 1996
TOC:Бильярд в половине десятого;
Глазами клоуна;
Самовольная отлучка;
Стук, стук, стук...;
Домофон;
Концерт для четырех голосов;
Город привычных лиц;
Когда началась война;
Когда кончилась война;
Шмек не стоит слез;
О падении трудовой морали;
О самом себе;
В защиту домашних прачечных;
Язык как оплот свободы;
Нужны бабушки и дедушки;
Роза и динамит;
Что значит "кельнское?";
У нас в стране;
Приказ и ответственность;
За рабочим столом. Беседа с Хорстом Бинеком;
Интервью с Алоизом Руммелем;
Послесловие к книге Карла Амери "Капитуляция";
Soggetti:
Natura: Libro
KOHA link:https://koha.lib.tpu.ru/cgi-bin/koha/opac-detail.pl?biblionumber=1580

MARC

LEADER 00000nam0a2200000 4500
001 1580
005 20231030173310.0
010 |a 5280012181 
035 |a (RuTPU)RU\TPU\book\1588 
035 |a BOOK00001590 
090 |a 1580 
100 |a 20011209d1996 m y0rusy50 ca 
101 1 |a rus  |c ger 
102 |a RU 
105 |a y z 000ay 
200 1 |a Романы. Повесть. Радиопьесы. Рассказы. Эссе. Речи. Интервью. 1959-1964 
210 |d 1996 
215 |a 718 с. 
320 |a Комментарии: с. 695-717. 
461 |t Собрание сочинений в 5-ти томах  |f Г. Белль  |v Т. 3  |o Пер. с нем.  |d 1996 
464 |t Бильярд в половине десятого  |o роман 
464 |t Глазами клоуна  |o роман 
464 |t Самовольная отлучка  |o повесть 
464 |t Стук, стук, стук...  |o радиопьеса 
464 |t Домофон  |o радиопьеса 
464 |t Концерт для четырех голосов  |o радиопьеса 
464 |t Город привычных лиц  |o рассказ 
464 |t Когда началась война  |o рассказ 
464 |t Когда кончилась война  |o рассказ 
464 |t Шмек не стоит слез  |o рассказ 
464 |t О падении трудовой морали  |o рассказ 
464 |t О самом себе 
464 |t В защиту домашних прачечных 
464 |t Язык как оплот свободы 
464 |t Нужны бабушки и дедушки 
464 |t Роза и динамит 
464 |t Что значит "кельнское?" 
464 |t У нас в стране 
464 |t Приказ и ответственность 
464 |t За рабочим столом. Беседа с Хорстом Бинеком 
464 |t Интервью с Алоизом Руммелем 
464 |t Послесловие к книге Карла Амери "Капитуляция" 
610 1 |a романы 
610 1 |a повесть 
610 1 |a радиопьесы 
610 1 |a рассказы 
610 1 |a эссе 
610 1 |a речи 
610 1 |a интервью 
675 |a 83  |v 3 
801 0 |a RU  |b 63413507  |c 20011209  |g PSBO 
801 2 |a RU  |b 63413507  |c 20060821  |g PSBO 
942 |c BK